| 000 | 01009 a2200229 4500 | ||
|---|---|---|---|
| 020 | _a0256106657 | ||
| 020 | _a9780256106657 | ||
| 082 | 0 | 4 | _a658.562015195 |
| 090 |
_c782 _d782 |
||
| 100 | 1 | _aGitlow, Howard S. | |
| 245 | 1 | 0 |
_aQuality management / _cHoward S. Gitlow. |
| 250 | _a2nd ed. | ||
| 260 |
_a[S.l.] : _bMcGraw-Hill/Irwin, _c1994. |
||
| 300 |
_a503 p. ; _c25 cm. |
||
| 500 | _aHardcover. | ||
| 520 | _aQuality Management presents a unique and workable approach to the tools and methods necessary for real quality improvement. W. Edwards Deming's philosophies on quality are woven into this text. This text is one of a few quality control texts which adopt Shewhart's and Deming's view of control charts. | ||
| 700 | 1 | _aOppenheim, Alan. | |
| 700 | 1 | _aOppenheim, Rosa. | |
| 856 | 4 | 0 |
_3Amazon.com _uhttp://www.amazon.com/exec/obidos/ASIN/0256106657/chopaconline-20 |
| 856 | 4 | 0 |
_3Amazon customer reviews _uhttp://www.chopac.org/cgi-bin/tools/azrev.pl?q=0256106657 |
| 942 |
_aNBS _cBK _k658.562 GIT |
||
| 999 |
_c343330 _d343330 |
||